Семейно-правовая политика Российской Федерации (Запись № 13382338)

Подробности
000 -МАРКЕР
контрольное поле 02983nam0a2200397 4500
001 - ИДЕНТИФИКАТОР ЗАПИСИ
контрольное поле RU\NLR\BIBL_A\022491657
005 - ИДЕНТИФИКАТОР ВЕРСИИ
контрольное поле 20250515151823.0
010 ## - МЕЖДУНАРОДНЫЙ СТАНДАРТНЫЙ НОМЕР КНИГИ (ISBN)
Номер (ISBN) 978-5-16-020226-6
Тираж 500
021 ## - НОМЕР ГОСУДАРСТВЕННОЙ РЕГИСТРАЦИИ
Код страны Российская Федерация
Номер КН-П-25-001069
Номер Листа государственной регистраци КН-П-25-0091
035 ## - ДРУГИЕ СИСТЕМНЫЕ НОМЕРА
Идентификатор записи (NLR Aleph) 022491657
100 ## - ДАННЫЕ ОБЩЕЙ ОБРАБОТКИ
Данные общей обработки 20250317d2025 u y0rusy50 ca
101 0# - ЯЗЫК РЕСУРСА
Язык текста, звукозаписи и т.д. русский
102 ## - СТРАНА ПУБЛИКАЦИИ ИЛИ ПРОИЗВОДСТВА
Страна публикации Российская Федерация
105 ## - ПОЛЕ КОДИРОВАННЫХ ДАННЫХ: ТЕКСТОВЫЕ МАТЕРИАЛЫ, МОНОГРАФИЧЕСКИЕ
Кодированные данные о монографическом текстовом документе a|||j|||000yy
181 #0 - ПОЛЕ КОДИРОВАННЫХ ДАННЫХ: ВИД СОДЕРЖАНИЯ
Код вида содержания (ISBD) i3
Код характеристики содержания (ISBD) axxe
182 #0 - ПОЛЕ КОДИРОВАННЫХ ДАННЫХ: ТИП СРЕДСТВА
Код типа средства (ISBD) n - непосредственное
200 1# - ЗАГЛАВИЕ И СВЕДЕНИЯ ОБ ОТВЕТСТВЕННОСТИ
Основное заглавие Семейно-правовая политика Российской Федерации
Сведения, относящиеся к заглавию традиционные ценности и нравственные нормы
-- учебное пособие
-- для студентов, обучающихся по направлению "Юриспруденция"
Первые сведения об ответственности [Бердникова Анна Александровна, кандидат юридических наук, преподаватель, Бочкова Светлана Сергеевна, кандидат юридических наук, доцент, Васильева Оксана Николаевна, кандидат юридических наук, доцент и др.]
Последующие сведения об ответственности под редакцией доктора юридических наук, профессора Г. Ф. Ручкиной, кандидата юридических наук, доцента Н. А. Матвеевой
-- Финансовый университет при Правительстве Российской Федерации
203 ## - ВИД СОДЕРЖАНИЯ И ТИП СРЕДСТВА
Вид содержания Текст
Дополнительные сведения об издании визуальный
Тип средства непосредственный
210 ## - ПУБЛИКАЦИЯ, РАСПРОСТРАНЕНИЕ И ДР.
Место издания, распространения и т.д. Москва
Имя издателя, распространителя и т. д. ИНФРА-М
Дата издания, распространения и т.д. 2025
215 ## - ФИЗИЧЕСКАЯ ХАРАКТЕРИСТИКА
Специфическое обозначение материала и объем 202 с.
Другие сведения о физической характеристике ил., табл.
Размеры 21
225 1# - СЕРИЯ
Основное заглавие серии Высшее образование
300 ## - ОБЩИЕ ПРИМЕЧАНИЯ
Текст примечания Авт. указаны на 3-й с.
320 ## - ПРИМЕЧАНИЯ О НАЛИЧИИ В ДОКУМЕНТЕ БИБЛИОГРАФИИ / УКАЗАТЕЛЯ
Текст примечания Библиогр.: с. 199-200 (15 назв.), в тексте и в подстроч. примеч.
606 1# - НАИМЕНОВАНИЕ ТЕМЫ КАК ПРЕДМЕТ
Наименование темы Семейная политика
Формальный подзаголовок Учебные издания для высших учебных заведений
Тематический подзаголовок Правовое регулирование
Географический подзаголовок Российская Федерация
Системный номер авторитетной/нормативной записи 2267485
Идентификатор авторитетной/нормативной записи RU\NLR\AUTH\6601588558
686 1# - ИНДЕКСЫ ДРУГИХ КЛАССИФИКАЦИЙ
Индекс Х624я73
701 #1 - ИМЯ ЛИЦА - АЛЬТЕРНАТИВНАЯ ОТВЕТСТВЕННОСТЬ
Начальный элемент ввода Бердникова
Часть имени, кроме начального элемента ввода А. А.
Расширение инициалов личного имени Анна Александровна
701 #1 - ИМЯ ЛИЦА - АЛЬТЕРНАТИВНАЯ ОТВЕТСТВЕННОСТЬ
Начальный элемент ввода Бочкова
Часть имени, кроме начального элемента ввода С. С.
Расширение инициалов личного имени Светлана Сергеевна
701 #1 - ИМЯ ЛИЦА - АЛЬТЕРНАТИВНАЯ ОТВЕТСТВЕННОСТЬ
Начальный элемент ввода Васильева
Часть имени, кроме начального элемента ввода О. Н.
Дополнения к именам, кроме дат канд. юрид. наук, экономист
Даты 1976-
Расширение инициалов личного имени Оксана Николаевна
Системный номер авторитетной/нормативной записи 175160
Идентификатор авторитетной/нормативной записи RU\NLR\AUTH\770175211
702 #1 - ИМЯ ЛИЦА - ВТОРИЧНАЯ ОТВЕТСТВЕННОСТЬ
Начальный элемент ввода Ручкина
Часть имени, кроме начального элемента ввода Г. Ф.
Дополнения к именам, кроме дат д-р юрид. наук
Даты 1971-
Расширение инициалов личного имени Гульнара Флюровна
Системный номер авторитетной/нормативной записи 146453
Идентификатор авторитетной/нормативной записи RU\NLR\AUTH\770146489
712 02 - НАИМЕНОВАНИЕ ОРГАНИЗАЦИИ - ВТОРИЧНАЯ ОТВЕТСТВЕННОСТЬ
Код отношения Прочие
Начальный элемент ввода Финансовый университет при Правительстве Российской Федерации
Идентифицирующий признак Москва
Системный номер авторитетной/нормативной записи 838093
Идентификатор авторитетной/нормативной записи RU\NLR\AUTH\8810171129
942 ## - ДОПОЛНИТЕЛЬНЫЕ ЭЛЕМЕНТЫ ЗАПИСИ (АБИС)
Тип экземпляра АБИС Книга
980 ## - КОЛЛЕКЦИЯ
Название коллекции Национальная библиография
Экземпляры
Тип экземпляра Дата поступления Источник поступления Библиотека постоянного хранения Библиотека текущего хранения Место хранения Шифр хранения Штрих-код Статус экземпляра
Книга 17.03.2025 Обязательный экземпляр РНБ (Московский) РНБ (Московский) Русский книжный фонд 2025-5/2232 1-4828249 Доставлен в Фoнд